01160nam a2200193Ia 4500001001100000003001000011008004100021040002500062041001300087100001800100245007100118250001100189260008100200300001100281500026200292501011400554520026200668650003600930L200-53037IT-CnALBA170116s9999||||xx |||||||||||||| ||und|| aIT-CnALBAcIT-CnALBA aITALIANO aKLINGER ELMAR 0aL'ASSOLUTO NEL QUOTIDIANO. LA TEOLOGIA SPIRITUALE DI KARL RAHNER.  a1a ed. a PADOVAbMESSAGGERO EDIZIONI c1998 [1° Ed.:1998 - Ed.Ling.Originale: 1998] a96 p.  aTEOLOGIA SPIRITUALE. CURATORE RENZO G. PRESENTAZIONE. ALLA SCOPERTA DEL MISTERO. CONTINUA RICERCA DI DIO. VITA E OPERA DI K. RAHNER. IL CRISTIANO ANONIMO E L'ANONIMITA' DI DIO. IL CRISTIANO DEL FUTURO. IL MISTERO ASSOLUTO. INCONTRO GESÙ NEGLI ESTRANEI. SC aSocietà San Paolo EM - Piazza San Paolo, 14 - 12051 ALBA (CN) (non commercial uses only) ® Copyright 2017 aTEOLOGIA SPIRITUALE. CURATORE RENZO G. PRESENTAZIONE. ALLA SCOPERTA DEL MISTERO. CONTINUA RICERCA DI DIO. VITA E OPERA DI K. RAHNER. IL CRISTIANO ANONIMO E L'ANONIMITA' DI DIO. IL CRISTIANO DEL FUTURO. IL MISTERO ASSOLUTO. INCONTRO GESÙ NEGLI ESTRANEI. SC aRELIGIONE - RELIGIONE CRISTIANA